Thuốc giảm đau chống viêm và các phương pháp nghiên cứu tác dụng dược lý

Sách cũng giới thiệu một cách hệ thống các thuốc giảm đau - chống viêm, đặc biệt là tác dụng dược lý, cơ chế tác dụng, dược động học và độc tính, mong cung cấp cho các bác sĩ điều trị và những người dùng thuốc các thông tin cần thiê...

Deskribapen osoa

Gorde:
Xehetasun bibliografikoak
Egile nagusia: Đỗ Trung Đàm
Formatua: Liburua
Hizkuntza:Vietnamese
Argitaratua: H. Y học 2017
Gaiak:
Etiketak: Etiketa erantsi
Etiketarik gabe, Izan zaitez lehena erregistro honi etiketa jartzen!
Thư viện lưu trữ: Thư viện Trường Đại học Nam Cần Thơ
LEADER 01852nam a22002417a 4500
001 NCT_28795
008 180412b xxu||||| |||| 00| 0 vie d
999 |c 1383  |d 1383 
020 |a 9786046629924  |c 280000 
082 0 4 |2 23rd ed.  |a 615.7  |b Đ104 
100 1 |a Đỗ Trung Đàm 
245 1 0 |a Thuốc giảm đau chống viêm và các phương pháp nghiên cứu tác dụng dược lý  |c Đỗ Trung Đàm 
260 |a H.  |b Y học  |c 2017 
300 |a 687 tr.  |b Minh học  |c 27cm 
520 3 |a Sách cũng giới thiệu một cách hệ thống các thuốc giảm đau - chống viêm, đặc biệt là tác dụng dược lý, cơ chế tác dụng, dược động học và độc tính, mong cung cấp cho các bác sĩ điều trị và những người dùng thuốc các thông tin cần thiết để sử dụng thuốc được an toàn hợp lý 
653 |a Dược học 
942 |2 ddc  |c BK 
952 |0 0  |1 0  |2 ddc  |4 0  |6 615_700000000000000_Đ104  |7 0  |9 6806  |a 000001  |b 000001  |d 2018-04-12  |o 615.7 Đ104  |p MD.11928  |r 2018-04-12  |v 280000.00  |w 2018-04-12  |y BK 
952 |0 0  |1 0  |2 ddc  |4 0  |6 615_700000000000000_Đ104  |7 0  |9 6807  |a 000001  |b 000001  |d 2018-04-12  |o 615.7 Đ104  |p MD.11929  |r 2018-04-12  |v 280000.00  |w 2018-04-12  |y BK 
952 |0 0  |1 0  |2 ddc  |4 0  |6 615_700000000000000_Đ104  |7 0  |9 6808  |a 000001  |b 000001  |d 2018-04-12  |o 615.7 Đ104  |p MD.11930  |r 2018-04-12  |v 280000.00  |w 2018-04-12  |y BK 
952 |0 0  |1 0  |2 ddc  |4 0  |6 615_700000000000000_Đ104  |7 0  |9 6809  |a 000001  |b 000001  |d 2018-04-12  |l 1  |o 615.7 Đ104  |p MD.11931  |r 2018-11-19  |s 2018-11-19  |v 280000.00  |w 2018-04-12  |y BK 
952 |0 0  |1 0  |2 ddc  |4 0  |6 615_700000000000000_Đ104  |7 0  |9 6810  |a 000001  |b 000001  |d 2018-04-12  |o 615.7 Đ104  |p MD.11932  |r 2018-04-12  |v 280000.00  |w 2018-04-12  |y BK 
980 |a Thư viện Trường Đại học Nam Cần Thơ